Physics with Numerical Problems & M.C.Qs. (Record no. 1279)

MARC details
000 -LEADER
fixed length control field 00316nam a22001097a 4500
008 - FIXED-LENGTH DATA ELEMENTS--GENERAL INFORMATION
fixed length control field 160630b xxu||||| |||| 00| 0 eng d
100 ## - MAIN ENTRY--PERSONAL NAME
9 (RLIN) 1542
Personal name Deshpande, S.V
245 ## - TITLE STATEMENT
Title Physics with Numerical Problems & M.C.Qs.
260 ## - PUBLICATION, DISTRIBUTION, ETC. (IMPRINT)
Place of publication, distribution, etc. D
Name of publisher, distributor, etc. Hempra
Date of publication, distribution, etc. 2005
300 ## - PHYSICAL DESCRIPTION
Extent Physics with Numerical Problems & M.C.Qs.
942 ## - ADDED ENTRY ELEMENTS (KOHA)
Source of classification or shelving scheme Dewey Decimal Classification
Koha item type BOOK
Holdings
Withdrawn status Lost status Source of classification or shelving scheme Damaged status Not for loan Home library Current library Date acquired Total Checkouts Full call number Barcode Date last seen Price effective from Koha item type
    Dewey Decimal Classification     Good Samaritan School Library Good Samaritan School Library 06/30/2016   530 DES1940 06/30/2016 06/30/2016 BOOK

Powered by Koha